1602 1647 1988 1365 1951 1272 1037 1050 1323 1906 1507 1351 1038 1360 1547 1648 1768 1460 1799 1487 1452 1155 1702 1061 1447 1814 1786 1501 1114 1742 1666 1810 1684 1189 1095 1232 1435 1037 1593 1162 1066 1995 1141 1675 1357 1918 1807 1456 1998 1974 1322 1641 1593 1895 1778 1226 1032 1696 1716 1430 1788 1096 1074 1085 1198 1164 1265 1276 1484 1044 1227 1105 1490 1434 1172 1280 1211 1555 1929 1358 1700 1646 1328 1825 1093 1073 1138 1581 1981 1836 1880 1113 1491 1377 1308 1545 1257 1975 1113 BCNSPRNW ULIB Ver.6.0+V

เปลี่ยนเป็นภาษาไทย

Change to English
 แสดงรายละเอียดบรรณานุกรม
  กลับหน้าหลัก

Brief Record : Get Marc (ISO 2709) : E-mail record : QR code < ปิดหน้าต่าง
LEADER : 00000nam 2200000uu 4500
001    13399124798
003     ULIB
008    160324s2015||||th 000 0 eng d
020    ^a9781451190946
060 04 ^aWY100 M526e 2015
100 1  ^aMelnyk, Bernadette Mazurek
245 10 ^aEvidence-based practice in nursing & healthcare :^ba guide to best practice /^cBernadette Mazurek Melnyk, Ellen Fineout-Overholt.
246 3  ^aEvidence-based practice in nursing and healthcare.
250    ^a3rd ed.
260    ^aPhiladelphia, PA :^bWolters Kluwer,^cc2015
300    ^axxvi, 625 pages ;^c26 cm.
500    ^aPreceded by: Evidence-based practice in nursing & healthcare / Bernadette Mazurek Melnyk, Ellen Fineout-
504    ^aIncludes bibliographical references and index.
650  0 ^aEvidence-based nursing
650  0 ^aEvidence-based medicine
650  2 ^aEvidence-Based Nursing^xmethods^vPractice Guideline
650  2 ^aNurse Clinicians^vPractice Guideline
700 1  ^aFineout-Overholt, Ellen
945    ^p3800^l0^i000347
999    ^aเกษร โพธิ์สุวรรณ
รายการนี้ยังไม่มีแท็ก
คุณยังไม่ได้ล็อกอิน คุณสามารถมีกิจกรรมร่วมกับเว็บไซต์ได้ แต่ต้องล็อกอินก่อน ::
  ล็อกอิน

รายการสื่อสารสนเทศ

ลำดับที่ ประเภท เลขเรียก/บาร์โค้ด สถานที่ สถานะ
1. Book การพยาบาล
Book การพยาบาล
WY100 M526e 2015 ฉ.1 
  Barcode: 000347
ห้องสมุดวิทยาเขตสวรรค์ประชารักษ์
►หนังสือทั่วไป
บนชั้น

รายการใกล้เคียง
    ผู้แต่ง [Melnyk, Bernadette Mazurek]

    หัวเรื่อง [Evidence-based nursing]
    หัวเรื่อง [Evidence-based medicine]

BibComment


ยังไม่เคยถูกคอมเมนท์

คอมเมนท์ทรัพยากรรายการนี้
  คอมเมนท์: Evidencebased pr..


 Copyright 2026. Bcnsprnw @Library